| 000 | 00556nam a22001697a 4500 | ||
|---|---|---|---|
| 005 | 20251108171734.0 | ||
| 008 | 250721s1987 xx 000 0 ara d | ||
| 082 | 1 | 4 | _aم/811.5/مقد |
| 100 | 1 | _aرحيم، مقداد | |
| 245 | 1 | 0 | _aالموشحات في بلاد الشام منذ نشأتها حتى نهاية القرن الثاني عشر الهجري / |
| 264 | 1 |
_aبيروت : _bعالم الكتب، _c1987. |
|
| 300 | _a528ص | ||
| 650 | 1 | 7 | _aالشعر الأندلسي |
| 650 | 1 | 7 | _aالموشحات |
| 942 |
_2ddc _cREF |
||
| 999 |
_c61272 _d61272 |
||